| 000 | 01593 a2200337 4500 | ||
|---|---|---|---|
| 999 |
_c200453419 _d71631 |
||
| 003 | TR-AnTOB | ||
| 005 | 20231227001136.0 | ||
| 007 | ta | ||
| 008 | 041112s20191990tu 001 0 tur d | ||
| 020 | _a9789751602664 | ||
| 040 |
_aTR-AnTOB _beng _erda _cTR-AnTOB |
||
| 041 | 0 |
_atur _aeng _afre |
|
| 050 | 0 | 0 |
_aDR589 _b.L693 2019 |
| 090 |
_aDR589 _b.L693 2019 |
||
| 245 | 0 | 0 |
_aLozan telgrafları : _bTürk diplomatik belgelerinde Lozan Barış Konferansı = Telegrammes de Lausanne: documents diplomatiques Turcs Sur La Conferance De Paix De Lausanne = Lausanne telegrams: Turkish diplomatic documents on the Lausanne Peace Conference / _chazırlayan: Bilal N. Şimşir. |
| 246 | 3 | 1 |
_aTelegrammes de Lausanne: documents diplomatiques Turcs Sur La Conferance De Paix De Lausanne = _bLausanne telegrams: Turkish diplomatic documents on the Lausanne Peace Conference. |
| 250 | _a2. Baskı | ||
| 264 | 1 |
_aAnkara : _bTürk Tarih Kurumu, _c2019. |
|
| 300 |
_a2 volumes ; _c24 cm |
||
| 336 |
_atext _btxt _2rdacontent |
||
| 337 |
_aunmediated _bn _2rdamedia |
||
| 338 |
_avolume _bnc _2rdacarrier |
||
| 490 | 0 |
_aAtatürk Kültür, Dil ve Tarih Yüksek Kurumu Türk Tarih Kurumu Yayınları ; _aXVI. Dizi - Sayı; 57 |
|
| 505 | _av.1 (Kasım 1922 - Şubat 1923) -- v.2 (Şubat - Ağustos 1923) | ||
| 651 | 7 |
_aTürkiye _xDış ilişkiler _y1918-1960 _2etuturkob _945023 |
|
| 651 | 7 |
_aTürkiye _xTarih _yKurtuluş Savaşı, 1918-1923 _2etuturkob _910811 |
|
| 700 | 1 |
_aŞimşir, Bilâl N., _d1933- _eeditor _975324 |
|
| 710 | 2 |
_aTürk Tarih Kurumu _946395 |
|
| 942 |
_2lcc _cBK |
||